000 00757cab a2200265 4500
001 WB3006-18
008 090401t1994 xxu||||| |||| 00| 0 eng d
035 _a(Sirsi) u67037
041 _aeng
245 _aEviction of squatters
260 _c1994
350 _a0
490 _aGuardian
_v11 February 1994, 7(1)
520 _aNew clauses to the Criminal Justice and Public Order Bill will allow bailiffs to use force to gain entry to property occupied by squatters.
650 _aBAILIFFS
650 _aCRIMINAL JUSTICE AND PUBLIC ORDER BILL
650 _aEVICTION
650 _aFORCE
650 _aSQUATTERS
650 _aSQUATTING
650 _aTRESPASS
690 _aPROPERTY-LANDLORD AND TENANT
942 _n0
948 _c04/03/1997
999 _c41922
_d41922